Central Library OPAC University of Rajshahi

Hand and machine woodwork / (Record no. 17224)

MARC details
000 -LEADER
fixed length control field 00685cam a2200241u 4500
001 - CONTROL NUMBER
control field 17224
003 - CONTROL NUMBER IDENTIFIER
rucl marc code BD-RjUL
005 - DATE AND TIME OF LATEST TRANSACTION
control field 20211209000115.0
008 - FIXED-LENGTH DATA ELEMENTS--GENERAL INFORMATION
fixed length control field 140216s1962 onca 001 0 eng
035 ## - SYSTEM CONTROL NUMBER
System control number (BD-RjUL)17282
040 ## - CATALOGING SOURCE
Original cataloging agency DLC
Transcribing agency CarP
Modifying agency DLC
-- BD-RjUL
Language of cataloging eng
041 ## - LANGUAGE CODE
Language code of text/sound track or separate title eng
082 ## - DEWEY DECIMAL CLASSIFICATION NUMBER
Classification number 684
Author mark and year MIH 1962
100 1# - MAIN ENTRY--PERSONAL NAME
Personal name Miller, H. G.
Fuller form of name (Harold Gordon),
Dates associated with a name 1915-
9 (RLIN) 53105
245 10 - TITLE STATEMENT
Title Hand and machine woodwork /
Statement of responsibility, etc. H. G.Miller.
260 ## - PUBLICATION, DISTRIBUTION, ETC. (IMPRINT)
Place of publication, distribution, etc. Toronto :
Name of publisher, distributor, etc. Macmillan Co. of Canada,
Date of publication, distribution, etc. c1962.
300 ## - PHYSICAL DESCRIPTION
Pagination 196 p. :
Illustrations illus. ;
Size 23 cm.
504 ## - BIBLIOGRAPHY, ETC. NOTE
Bibliography, etc Includes Index.
650 #0 - SUBJECT ADDED ENTRY--TOPICAL TERM
Topical term or geographic name as entry element Woodwork (Manual training)
9 (RLIN) 53106
942 ## - ADDED ENTRY ELEMENTS (KOHA)
Source of classification or shelving scheme Dewey Decimal Classification
Koha item type Books
Holdings
Lost status Source of classification or shelving scheme Damaged status Not for loan Collection code Permanent Location Current Location Shelving location Date acquired Source of acquisition Cost, normal purchase price Total Checkouts Full call number Date last seen Copy number Koha item type
  Dewey Decimal Classification   Not For Loan Non-fiction Central Library, University of Rajshahi Central Library, University of Rajshahi Reading Room 19/05/1967 Continental. 15.00   684 MIH 1962 16/02/2014 C-1 Books